[Event "32. Staufer-Open A-Turnier"]
[Site "Schwäbisch Gmünd"]
[Date "2020.01.06"]
[Round "9.28"]
[White "Lorscheid, Gerhard"]
[Black "Suvorov, Luca"]
[Result "1/2-1/2"]
[WhiteElo "2218"]
[BlackElo "2297"]
[PlyCount "42"]
[EventDate "2020.??.??"]
[WhiteTeam "TSV Schönaich"]
[BlackTeam "SG Porz"]

1. Nf3 Nf6 2. b3 e6 3. Bb2 d5 4. e3 c5 5. c4 Nc6 6. cxd5 exd5 7. Bb5 Qb6 8.
Bxc6+ Qxc6 9. O-O Be7 10. d4 {(=)} b6 11. Nc3 O-O 12. Ba3 Ba6 13. Re1 Rac8 14.
Rc1 Rfd8 15. Na4 Qb5 16. dxc5 bxc5 17. Nd4 Qa5 18. Nf5 Kf8 19. Bb2 Rc6 20. Nd4
Rcc8 21. Nf5 Rc6 1/2-1/2

[Event "32. Staufer-Open A-Turnier"]
[Site "Schwäbisch Gmünd"]
[Date "2020.01.06"]
[Round "9.33"]
[White "Braun, Joachim"]
[Black "Baskin, Robert"]
[Result "1/2-1/2"]
[WhiteElo "2161"]
[BlackElo "2406"]
[PlyCount "44"]
[EventDate "2020.??.??"]
[WhiteTeam "SF Birkenfeld"]
[BlackTeam "Wiesbadener SV"]

1. e4 c5 2. Nf3 Nc6 3. Bb5 g6 4. Bxc6 dxc6 5. d3 Bg7 6. h3 Nf6 7. Nc3 Nd7 8.
Be3 e5 9. Qd2 h6 10. O-O b6 11. Nh2 Nf8 12. f4 exf4 13. Bxf4 g5 14. Bg3 Be6 15.
e5 Ng6 16. Rae1 O-O 17. Nf3 Qd7 18. Ne4 f5 19. exf6 Bxf6 20. Nxf6+ Rxf6 21. Ne5
Rxf1+ 22. Rxf1 Qd4+ 1/2-1/2

[Event "32. Staufer-Open A-Turnier"]
[Site "Schwäbisch Gmünd"]
[Date "2020.01.06"]
[Round "9.36"]
[White "Baltic, Fatih"]
[Black "Müller, Michael (Viernheim)"]
[Result "1/2-1/2"]
[WhiteElo "2286"]
[BlackElo "2141"]
[PlyCount "49"]
[EventDate "2020.??.??"]
[WhiteTeam "SV Mülheim-Nord"]
[BlackTeam "SC Viernheim"]

1. e4 c5 2. Nf3 Nc6 3. Bb5 d6 4. Bxc6+ bxc6 5. e5 d5 6. O-O Bg4 7. h3 Bh5 8. b3
e6 9. d3 Ne7 10. Nc3 Nc8 11. Re1 Be7 12. g4 Bg6 13. Ne2 h6 14. Nf4 Bh7 15. Nh5
O-O 16. Be3 Bg6 17. Nf4 d4 18. Nxg6 fxg6 19. Bd2 Nb6 20. Re4 Nd5 21. Qe2 g5 22.
Rf1 Rf7 23. Nh2 Qf8 {(=)} 24. f3 g6 25. Rf2 1/2-1/2

[Event "32. Staufer-Open A-Turnier"]
[Site "Schwäbisch Gmünd"]
[Date "2020.01.06"]
[Round "9.37"]
[White "Kruckenhauser, Arthur"]
[Black "Budzyn, Matthias"]
[Result "1/2-1/2"]
[WhiteElo "2281"]
[BlackElo "2119"]
[PlyCount "53"]
[EventDate "2020.??.??"]
[WhiteTeam "Schach ohne Grenzen"]
[BlackTeam "SG Turm Kiel"]

1. e4 e5 2. Nf3 Nc6 3. Bc4 Nf6 4. d3 Be7 5. O-O O-O 6. Re1 d6 7. a4 Be6 8. Nbd2
Qd7 9. c3 Rfe8 10. b4 Bxc4 11. dxc4 Bf8 12. Nf1 a5 13. b5 Nd8 14. Bg5 Qe6 15.
Ne3 c6 16. Qd3 Nd7 17. Nd2 Nc5 18. Qc2 Qg6 19. Bxd8 Rexd8 20. Nf5 d5 21. exd5
cxd5 22. Rxe5 dxc4 23. Nxc4 f6 24. Ne7+ Bxe7 25. Qxg6 hxg6 26. Rxe7 Nxa4 27. g3
1/2-1/2

[Event "32 Staufer-Open B-Turnier"]
[Site "Schwäbisch Gmünd"]
[Date "2020.01.02"]
[Round "2.1"]
[White "Wirth, Volker"]
[Black "Macho, Roland"]
[Result "0-1"]
[WhiteElo "1697"]
[BlackElo "1984"]
[PlyCount "52"]
[EventDate "2020.??.??"]
[WhiteTeam "SF Waldstetten"]
[BlackTeam "SG Schwäbisch Gmünd"]

1. d4 d5 2. c4 c6 3. Nc3 dxc4 4. a4 Nf6 5. Nf3 Bf5 6. e3 e6 7. Bxc4 Bb4 8. O-O
O-O 9. Bd2 Nbd7 10. Nh4 Qe7 11. Nxf5 exf5 12. Rc1 Nb6 13. Bd3 g6 14. Re1 Rfe8
15. Kh1 Rad8 16. f3 Nfd5 17. e4 fxe4 18. fxe4 Nc7 19. d5 Bd6 20. a5 Nc8 21. Qg4
Be5 22. Bc4 Nd6 23. Bb3 Bxc3 24. Bxc3 Nxe4 25. Bd4 Nxd5 26. Bxa7 b6 0-1

[Event "32 Staufer-Open B-Turnier"]
[Site "Schwäbisch Gmünd"]
[Date "2020.01.02"]
[Round "2.2"]
[White "Frühsorger, Dieter"]
[Black "Kappler, Thomas"]
[Result "1-0"]
[WhiteElo "1983"]
[BlackElo "1697"]
[PlyCount "33"]
[EventDate "2020.??.??"]
[WhiteTeam "SK Sontheim/Brenz"]
[BlackTeam "SK Heidenheim"]

1. e4 d5 2. exd5 Nf6 3. Nc3 Nxd5 4. Bc4 c6 5. Qf3 e6 6. Nge2 Be7 7. O-O O-O 8.
Ng3 Nd7 9. d4 b6 10. Re1 Bb7 11. Nxd5 exd5 12. Bd3 Bf6 13. Nf5 Re8 14. Bf4
Rxe1+ 15. Rxe1 Nf8 16. Nd6 Bc8 17. Re8 1-0

[Event "32 Staufer-Open B-Turnier"]
[Site "Schwäbisch Gmünd"]
[Date "2020.01.02"]
[Round "2.3"]
[White "Perez Valero, Rodrigo Gael"]
[Black "Heimers, Remy"]
[Result "0-1"]
[WhiteElo "1690"]
[BlackElo "1977"]
[PlyCount "40"]
[EventDate "2020.??.??"]
[WhiteTeam "VSG Offenbach"]
[BlackTeam "SC Villingen-Schwenningen"]

1. d4 Nf6 2. Bg5 Ne4 3. Bf4 c5 4. f3 Qa5+ 5. c3 Nf6 6. d5 e6 7. e4 Qb6 8. Bc1
d6 9. c4 g6 10. Nc3 Bg7 11. dxe6 Bxe6 12. Nb5 O-O 13. Qxd6 Nc6 14. Be3 Nd7 15.
Qd2 Rac8 16. Qc2 f5 17. exf5 Bxf5 18. Bd3 Nb4 19. Qb3 Nxd3+ 20. Kf1 Rfe8 0-1

[Event "32 Staufer-Open B-Turnier"]
[Site "Schwäbisch Gmünd"]
[Date "2020.01.02"]
[Round "2.4"]
[White "Michna, Marcus"]
[Black "Schopf, Martin"]
[Result "1/2-1/2"]
[WhiteElo "1684"]
[BlackElo "1953"]
[PlyCount "129"]
[EventDate "2020.??.??"]
[WhiteTeam "TSF Ditzingen"]
[BlackTeam "Echternach"]

1. d4 d5 2. Bf4 Nf6 3. e3 c5 4. Nd2 Nc6 5. c3 e6 6. Bd3 Bd6 7. Bg3 O-O 8. Ngf3
b6 9. Ne5 Qc7 10. Nxc6 Qxc6 11. Bxd6 Qxd6 12. Nf3 Bb7 13. Ne5 Ne4 14. f3 f6 15.
Ng4 Ng5 16. Qe2 e5 17. f4 exf4 18. O-O fxe3 19. Qxe3 Rae8 20. Qf2 Ne4 21. Qh4
cxd4 22. Rf3 Bc8 23. Rh3 Bxg4 24. Qxg4 f5 25. Qh5 Qg6 26. Qxg6 hxg6 27. cxd4
Rc8 28. Re3 Rf6 29. Bb5 Rc2 30. Re2 Rxe2 31. Bxe2 Rc6 32. Bd3 Ng5 33. Rd1 Ne6
34. Rd2 Kf7 35. Bc2 Nxd4 36. Rxd4 Rxc2 37. Rxd5 Ke6 38. Rb5 Kd6 39. Kf1 Kc6 40.
Re5 Rxb2 41. Re6+ Kd5 42. Rxg6 Rxa2 43. Rxg7 a5 44. h4 Ke5 45. Rb7 Rb2 46. h5
Kf6 47. h6 Rb1+ 48. Kf2 a4 49. h7 Rh1 50. Rxb6+ Kg7 51. Ra6 Rh4 52. Ra7+ Kh8
53. Ra5 Rf4+ 54. Kg3 Rg4+ 55. Kf3 Kxh7 56. Rxf5 Rb4 57. Ra5 Rb3+ 58. Ke2 a3 59.
Ra7+ Kg6 60. Ra6+ Kf5 61. Kd1 Kf4 62. Kc1 Kg3 63. Kc2 Re3 64. Kd2 Rb3 65. Kc2
1/2-1/2

[Event "32 Staufer-Open B-Turnier"]
[Site "Schwäbisch Gmünd"]
[Date "2020.01.02"]
[Round "2.5"]
[White "Klaß, Philip"]
[Black "Telioridis, Vasileios"]
[Result "0-1"]
[WhiteElo "1681"]
[BlackElo "1942"]
[PlyCount "135"]
[EventDate "2020.??.??"]
[WhiteTeam "SV Urach"]
[BlackTeam "SC Grunbach"]

1. e4 c5 2. a3 Nc6 3. b4 b6 4. Nf3 e6 5. Bb2 Bb7 6. b5 Nd4 7. Nxd4 cxd4 8. Bxd4
Bxe4 9. Nc3 Bb7 10. Bd3 Qh4 11. Be5 Bxg2 12. Rg1 Qh3 13. Ne2 Bb7 14. Rxg7 f6
15. Rg3 Qh5 16. Bb2 Bd6 17. Re3 Qxh2 18. Ng3 Bc5 19. Qg4 Bxe3 20. dxe3 Qh6 21.
O-O-O Qf8 22. Ne4 Bxe4 23. Qxe4 Rd8 24. Qh4 Qg7 25. a4 Kf7 26. Rh1 h5 27. e4
Ne7 28. Kb1 Ng6 29. Qh2 d6 30. Rg1 e5 31. f4 Qh7 32. Bc4+ Kf8 33. fxe5 Nxe5 34.
Qh4 Ke7 35. Bxe5 dxe5 36. Rf1 Qg6 37. Qh3 Rd6 38. Qa3 h4 39. Rd1 Rhd8 40. a5
Qxe4 41. Bd3 Qg4 42. Rf1 e4 43. Bc4 Qg3 44. Qb4 Qe5 45. Rg1 f5 46. axb6 axb6
47. Rg6 Ra8 48. Re6+ Qxe6 49. Bxe6 Kxe6 50. Qb3+ Ke7 51. Qh3 Rf6 52. Qxh4 Raf8
53. Qf4 R8f7 54. Kc1 Kf8 55. Kd2 Rg6 56. Qb8+ Kg7 57. Qe5+ Kh7 58. Qf4 Rg4 59.
Qe3 Rf6 60. c4 Rd6+ 61. Ke1 Kg6 62. c5 Rd3 63. Qf2 e3 64. Qh2 Rd2 65. Qh1 Rdg2
66. cxb6 Rg1+ 67. Qxg1 Rxg1+ 68. Ke2 0-1

[Event "32 Staufer-Open B-Turnier"]
[Site "Schwäbisch Gmünd"]
[Date "2020.01.03"]
[Round "3.2"]
[White "Wasserfall, Markus"]
[Black "Frühsorger, Dieter"]
[Result "1/2-1/2"]
[WhiteElo "1769"]
[BlackElo "1983"]
[PlyCount "71"]
[EventDate "2020.??.??"]
[BlackTeam "SK Sontheim/Brenz"]

1. d4 Nf6 2. Nf3 g6 3. Bg5 Ne4 4. Bh4 Bg7 5. Nbd2 Nxd2 6. Qxd2 d5 7. e3 O-O 8.
Bd3 c5 9. c3 b6 10. Bg3 Nc6 11. h4 Bg4 12. O-O-O e5 13. dxe5 Bxf3 14. gxf3 Nxe5
15. Bc2 d4 16. cxd4 cxd4 17. Qxd4 Qe7 18. Bxe5 Bxe5 19. Qd7 Qf6 20. h5 {(=)}
Bxb2+ 21. Kb1 Ba3 22. Qd4 Qxd4 23. Rxd4 Rfd8 24. hxg6 hxg6 25. Rhd1 Rxd4 26.
Rxd4 Re8 27. Ra4 Bc5 28. Rxa7 Re7 29. Rxe7 Bxe7 30. Kc1 Bh4 31. Kd1 Bxf2 32.
Ke2 Bh4 33. Bb3 Kg7 34. Kf1 f5 35. Kg2 Kf6 36. f4 1/2-1/2

[Event "32 Staufer-Open B-Turnier"]
[Site "Schwäbisch Gmünd"]
[Date "2020.01.03"]
[Round "3.4"]
[White "Telioridis, Vasileios"]
[Black "Hurm, Yannik"]
[Result "0-1"]
[WhiteElo "1942"]
[BlackElo "1730"]
[PlyCount "56"]
[EventDate "2020.??.??"]
[WhiteTeam "SC Grunbach"]
[BlackTeam "SG KK Hohentübingen"]

1. c4 c5 2. g3 Nc6 3. Bg2 g6 4. Nc3 Bg7 5. b3 d6 6. Bb2 e5 7. e3 Be6 8. Nd5
Nge7 9. a3 a5 10. Ne2 Rb8 11. Nxe7 Nxe7 12. Nc3 O-O 13. O-O f5 14. Qe2 Qd7 15.
Rad1 f4 16. exf4 exf4 17. Rfe1 Kf7 18. Ba1 Nc6 19. Ne4 Bf5 20. Ng5+ Kg8 21.
Bd5+ Kh8 22. Bxc6 bxc6 23. Bxg7+ Kxg7 24. gxf4 Rbe8 25. Qf3 h6 26. Ne4 Bxe4 27.
Rxe4 Rxe4 28. Qxe4 Qg4+ 0-1

[Event "32 Staufer-Open B-Turnier"]
[Site "Schwäbisch Gmünd"]
[Date "2020.01.03"]
[Round "3.6"]
[White "Meyer, Marcel"]
[Black "Siegle, Florian"]
[Result "1-0"]
[WhiteElo "1729"]
[BlackElo "1891"]
[PlyCount "85"]
[EventDate "2020.??.??"]
[WhiteTeam "SC Herborn"]
[BlackTeam "Stuttgarter SF"]

1. d4 d5 2. c4 Nc6 3. e3 Nf6 4. Nf3 Bg4 5. Nc3 Bxf3 6. Qxf3 e6 7. cxd5 Nxd5 8.
Bb5 Bb4 9. O-O O-O 10. Bxc6 bxc6 11. e4 Nb6 12. a3 Be7 13. Rd1 Rb8 14. Qg3 Bh4
15. Qf3 f5 16. g3 fxe4 17. Qxe4 Qf6 18. Rf1 g5 19. Qxc6 Rbd8 20. Be3 Nd5 21.
Nxd5 Rxd5 22. Qxc7 Qf3 23. Qxa7 Bxg3 24. hxg3 g4 25. Qb7 Rf7 26. Qc6 Rf6 27.
Qe8+ Kg7 28. Rac1 Rf7 29. Qc6 Kf6 30. Rc5 Rfd7 31. Rfc1 h5 32. Rxd5 Rxd5 33.
Rc5 h4 34. Rxd5 Qd1+ 35. Kh2 hxg3+ 36. Kxg3 Qg1+ 37. Kf4 Qh2+ 38. Ke4 Qh7+ {(=)
} 39. Kf4 Qh2+ 40. Kxg4 Qg1+ 41. Kf3 Qd1+ 42. Kf4 Qb1 43. Re5 1-0

[Event "32 Staufer-Open B-Turnier"]
[Site "Schwäbisch Gmünd"]
[Date "2020.01.03"]
[Round "3.8"]
[White "Fischer, Dietmar"]
[Black "Kempfer, Justus"]
[Result "1-0"]
[WhiteElo "1878"]
[BlackElo "1718"]
[PlyCount "31"]
[EventDate "2020.??.??"]
[WhiteTeam "SC Böblingen"]
[BlackTeam "SC Herborn"]

1. e4 d5 2. exd5 Qxd5 3. Nc3 Qa5 4. d4 Nf6 5. Bd2 Bg4 6. f3 Bf5 7. Bc4 Qb4 8.
Qe2 Qd6 9. Nb5 Qb6 10. Qe5 Nc6 11. Nxc7+ Kd8 12. Nxa8 Qxb2 13. Qc7+ Ke8 14. Rc1
Qxd4 15. Bb3 e5 16. Bxf7# 1-0

[Event "32 Staufer-Open B-Turnier"]
[Site "Schwäbisch Gmünd"]
[Date "2020.01.03"]
[Round "3.9"]
[White "Hofmann, Petra"]
[Black "Rautenberg, Uwe"]
[Result "0-1"]
[WhiteElo "1724"]
[BlackElo "1869"]
[PlyCount "88"]
[EventDate "2020.??.??"]
[WhiteTeam "SF Birkenfeld"]
[BlackTeam "SC Ingersheim"]

1. e4 d6 2. d4 Nf6 3. Nc3 c6 4. Nf3 Bg4 5. Be2 Bxf3 6. Bxf3 Nbd7 7. a4 a5 8.
O-O e5 9. d5 c5 10. Nb5 Be7 11. c3 O-O 12. b4 b6 13. Bd2 Ne8 14. Qe2 Bg5 15.
bxc5 Nxc5 16. Be3 Bxe3 17. Qxe3 Qe7 18. Bd1 Rb8 19. Bc2 Rb7 20. Rfb1 g6 21. Na3
Ng7 22. Nc4 Qc7 23. Nd2 f5 24. exf5 gxf5 25. Nb3 f4 26. Qh3 h5 27. Nxc5 Qxc5
28. Rb5 Qc8 29. Qd3 Nf5 30. Bd1 Ng7 31. Rab1 Qc7 32. Qh3 e4 33. Bxh5 Nxh5 34.
Qxh5 Qg7 35. Qh3 f3 36. g3 Re7 37. Rxb6 e3 38. fxe3 Rxe3 39. Rb7 Qg6 40. Rf1
Re2 41. Rbb1 f2+ 42. Kh1 Qe4+ 43. Qg2 Qxb1 44. Rxb1 Re1+ 0-1

[Event "32 Staufer-Open B-Turnier"]
[Site "Schwäbisch Gmünd"]
[Date "2020.01.03"]
[Round "3.10"]
[White "Reindl, Jork"]
[Black "Zehring, Mathias"]
[Result "1/2-1/2"]
[WhiteElo "1722"]
[BlackElo "1861"]
[PlyCount "70"]
[EventDate "2020.??.??"]
[WhiteTeam "SG Schwäbisch Gmünd"]
[BlackTeam "SC Waiblingen"]

1. e4 e5 2. Nf3 Nc6 3. Bc4 Nf6 4. d3 Be7 5. O-O d6 6. Be3 O-O 7. Nbd2 Na5 8.
Bb3 Nxb3 9. Nxb3 Ng4 10. Qd2 f5 11. exf5 Bxf5 12. h3 Nxe3 13. fxe3 Bh4 14. Nxh4
Qxh4 15. e4 Be6 16. Rxf8+ Rxf8 17. Rf1 Rxf1+ 18. Kxf1 Qf4+ 19. Qxf4 exf4 20.
Nc1 g5 21. a3 Kg7 22. Kf2 Kf6 23. Ne2 Ke5 24. Kf3 c5 25. c3 h5 26. d4+ cxd4 27.
cxd4+ Kf6 28. h4 Bg4+ 29. Kf2 Bxe2 30. hxg5+ Kxg5 31. Kxe2 Kg4 32. Kf2 b5 33.
b3 a5 34. Ke2 Kg3 35. Kf1 Kh4 1/2-1/2

[Event "32 Staufer-Open B-Turnier"]
[Site "Schwäbisch Gmünd"]
[Date "2020.01.03"]
[Round "4.1"]
[White "Schlötterer, Hermann"]
[Black "Heimers, Remy"]
[Result "1-0"]
[WhiteElo "1801"]
[BlackElo "1977"]
[PlyCount "33"]
[EventDate "2020.??.??"]
[WhiteTeam "Zabo-Eintracht Nürnberg"]
[BlackTeam "SC Villingen-Schwenningen"]

1. d4 Nf6 2. g3 d5 3. Bg2 e6 4. Nf3 c5 5. c4 dxc4 6. Qa4+ Nbd7 7. Bg5 Qb6 8.
O-O Qxb2 9. Nbd2 b5 10. Qa5 Qb4 11. Qc7 cxd4 12. Bxf6 gxf6 13. Ne4 Be7 14. Nxd4
c3 15. Nc6 Qc4 16. Nd6+ Bxd6 17. Qd8# 1-0

[Event "32 Staufer-Open B-Turnier"]
[Site "Schwäbisch Gmünd"]
[Date "2020.01.03"]
[Round "4.2"]
[White "Wagner, Julian"]
[Black "Fischer, Dietmar"]
[Result "1-0"]
[WhiteElo "1790"]
[BlackElo "1878"]
[PlyCount "73"]
[EventDate "2020.??.??"]
[WhiteTeam "SC Kempten"]
[BlackTeam "SC Böblingen"]

1. d4 Nf6 2. c4 g6 3. g3 Bg7 4. Bg2 O-O 5. e4 d6 6. Ne2 e5 7. d5 a5 8. O-O Na6
9. Nbc3 Nc5 10. Qc2 Nfd7 11. Be3 f5 12. f3 b6 13. b3 Nf6 14. a3 fxe4 15. fxe4
Ng4 16. Bd2 h5 17. h3 Nh6 18. b4 axb4 19. axb4 Rxf1+ 20. Rxf1 Nd7 21. Qb3 Nf7
22. Nb5 Nf8 23. Qf3 Qe7 24. Nec3 Nh7 25. Kh2 Nfg5 26. Qd3 Qd7 27. h4 Nf7 28. c5
bxc5 29. bxc5 dxc5 30. Qc4 Bf8 31. Be3 Nd6 32. Qxc5 Nxe4 33. Rxf8+ Nxf8 34.
Nxe4 Nh7 35. Na7 Bb7 36. Nc6 Qf5 37. Ne7+ 1-0

[Event "32 Staufer-Open B-Turnier"]
[Site "Schwäbisch Gmünd"]
[Date "2020.01.03"]
[Round "4.3"]
[White "Rautenberg, Uwe"]
[Black "Dilthey, Lennart"]
[Result "1-0"]
[WhiteElo "1869"]
[BlackElo "1791"]
[PlyCount "75"]
[EventDate "2020.??.??"]
[WhiteTeam "SC Ingersheim"]
[BlackTeam "SF Göppingen"]

1. d4 Nf6 2. Nc3 e6 3. Bf4 d5 4. e3 c5 5. a4 cxd4 6. exd4 Bb4 7. Bd2 O-O 8. Nf3
Nbd7 9. Bd3 Bxc3 10. Bxc3 Ne4 11. Bb4 Re8 12. O-O f5 13. Bxe4 dxe4 14. Ne5 Nf6
15. c4 b6 16. Bc3 Bb7 17. a5 Qc7 18. Ra3 Ba6 19. Qb3 Rec8 20. Rfa1 bxa5 21. c5
Qe7 22. Rxa5 Be2 23. Qc2 Bh5 24. Nc4 Rc7 25. Nd6 Nd5 26. Nb5 Qg5 27. Nxc7 Bf3
28. g3 Nf4 29. Bd2 Qg4 30. Nxe6 Nxe6 31. Qc4 Kf8 32. Rxa7 Re8 33. Ra8 Nxd4 34.
Rxe8+ Kxe8 35. Ra8+ Ke7 36. Ra7+ Kf6 37. Qxd4+ Kg6 38. Rxg7+ 1-0

[Event "32 Staufer-Open B-Turnier"]
[Site "Schwäbisch Gmünd"]
[Date "2020.01.03"]
[Round "4.4"]
[White "Krauß, Rainer"]
[Black "Meyer, Marcel"]
[Result "1/2-1/2"]
[WhiteElo "1848"]
[BlackElo "1729"]
[PlyCount "92"]
[EventDate "2020.??.??"]
[WhiteTeam "SC Weiße Dame Ulm"]
[BlackTeam "SC Herborn"]

1. e4 c6 2. d4 d5 3. Nc3 dxe4 4. Nxe4 Bf5 5. Ng3 Bg6 6. h4 h6 7. Nf3 Nd7 8. h5
Bh7 9. Bd3 Bxd3 10. Qxd3 e6 11. Bf4 Qa5+ 12. Bd2 Bb4 13. c3 Be7 14. c4 Qc7 15.
O-O-O Ngf6 16. Ne4 Ng4 17. Qe2 O-O-O 18. g3 e5 19. dxe5 Ndxe5 20. Bf4 Qa5 21.
Nxe5 Nxe5 22. Nc3 Bf6 23. Rhe1 Rxd1+ 24. Rxd1 Rd8 25. Re1 Nd3+ 26. Kb1 Nxe1 27.
Qxe1 Bxc3 28. Qxc3 Qxc3 29. bxc3 Rd1+ 30. Kc2 Rh1 31. g4 Rg1 32. Bg3 Kd7 33. a4
Ke7 34. Kb3 Kf6 35. Kb4 Rxg3 36. fxg3 Kg5 37. Kc5 Kxg4 38. a5 Kxg3 39. a6 bxa6
40. Kxc6 f5 41. c5 f4 42. Kb7 f3 43. c6 f2 44. c7 f1=Q 45. c8=Q Qf2 46. Qc7+
Kh4 1/2-1/2

[Event "32 Staufer-Open B-Turnier"]
[Site "Schwäbisch Gmünd"]
[Date "2020.01.03"]
[Round "4.9"]
[White "Frühsorger, Dieter"]
[Black "Schembera, Jörg"]
[Result "1-0"]
[WhiteElo "1983"]
[BlackElo "1750"]
[PlyCount "39"]
[EventDate "2020.??.??"]
[WhiteTeam "SK Sontheim/Brenz"]
[BlackTeam "SF Oeffingen"]

1. e4 e5 2. Nf3 Nf6 3. Bc4 Bd6 4. d4 Qe7 {(=)} 5. O-O O-O 6. Re1 b6 7. Bg5 Ba6
8. Bb3 Nc6 9. Nc3 Kh8 10. Nd5 Qd8 11. dxe5 Nxe5 12. Nxe5 Bxe5 13. f4 Bd6 14. e5
Bc5+ 15. Kh1 h6 16. exf6 hxg5 17. Qh5+ Kg8 18. Ne7+ Bxe7 19. fxe7 Re8 20. Bxf7#
1-0

[Event "32 Staufer-Open B-Turnier"]
[Site "Schwäbisch Gmünd"]
[Date "2020.01.04"]
[Round "5.1"]
[White "Schlötterer, Hermann"]
[Black "Rautenberg, Uwe"]
[Result "1-0"]
[WhiteElo "1801"]
[BlackElo "1869"]
[PlyCount "73"]
[EventDate "2020.??.??"]
[WhiteTeam "Zabo-Eintracht Nürnberg"]
[BlackTeam "SC Ingersheim"]

1. d4 Nf6 2. g3 d6 3. Bg2 c6 4. e4 Qc7 5. h3 e5 6. Ne2 Be7 7. Nbc3 a5 8. a4 Na6
9. Be3 Bd7 10. O-O O-O 11. g4 Nb4 12. Ng3 Rfd8 13. g5 Ne8 14. Nce2 g6 15. c3
Na6 16. Qd2 Ng7 17. h4 Qc8 18. f4 Bh3 19. f5 Bxg2 20. Kxg2 Bf8 21. Ng1 Nc7 22.
Qf2 Rd7 23. Nf3 Qe8 24. Rh1 exd4 25. cxd4 gxf5 26. exf5 Nd5 27. Rae1 Qd8 28. h5
Ne8 29. f6 Nec7 30. Bd2 Ne6 31. Nh4 Nb4 32. Bxb4 axb4 33. g6 d5 34. gxh7+ Kh8
35. Ng6+ Kxh7 36. Qf5 Nxd4 37. Nxf8+ 1-0

[Event "32 Staufer-Open B-Turnier"]
[Site "Schwäbisch Gmünd"]
[Date "2020.01.04"]
[Round "5.2"]
[White "Scheuing, Jochen"]
[Black "Hurm, Yannik"]
[Result "1-0"]
[WhiteElo "1826"]
[BlackElo "1730"]
[PlyCount "65"]
[EventDate "2020.??.??"]
[WhiteTeam "SC Gröbenzell"]
[BlackTeam "SG KK Hohentübingen"]

1. d4 Nf6 2. Bf4 e6 3. e3 b6 4. Nf3 Bb7 5. Bd3 c5 6. c3 Nc6 7. Nbd2 Be7 8. h3
O-O 9. Qe2 Rc8 10. O-O cxd4 11. exd4 Nd5 12. Bh2 h6 13. Rfe1 f5 14. Ne5 Nxe5
15. Bxe5 Bf6 16. Bh2 Bg5 17. Nf3 Nf4 18. Bxf4 Bxf4 19. Ba6 Bxa6 20. Qxa6 Qc7
21. Ne5 {(=)} Rf6 22. Re2 Bxe5 23. Rxe5 Rg6 24. Kh1 Rf8 25. Rae1 Rff6 26. Qb5
Qb7 27. f3 Rg3 28. d5 Rfg6 29. R1e2 Qc8 30. dxe6 dxe6 31. Qb3 R3g5 32. Rxe6 Kh7
33. Re8 1-0

[Event "32 Staufer-Open B-Turnier"]
[Site "Schwäbisch Gmünd"]
[Date "2020.01.04"]
[Round "5.3"]
[White "Fink, Eberhard"]
[Black "Wagner, Julian"]
[Result "1-0"]
[WhiteElo "1829"]
[BlackElo "1790"]
[PlyCount "61"]
[EventDate "2020.??.??"]
[WhiteTeam "TSF Welzheim"]
[BlackTeam "SC Kempten"]

1. e4 c5 2. Nf3 d6 3. Bc4 Nf6 4. d3 g6 5. Bg5 Bg7 6. c3 O-O 7. O-O h6 8. Bd2 d5
9. exd5 Nxd5 10. d4 cxd4 11. Nxd4 Nb6 12. Bb3 e5 13. Ne2 Qc7 14. Na3 a6 15. Ng3
Kh7 16. Qe2 f5 17. f3 Nc6 18. Rad1 Na5 19. Bc2 Nac4 20. Nxc4 Nxc4 21. Bc1 Nxb2
22. Bxb2 Qb6+ 23. Kh1 Qxb2 24. Nh5 Qxc3 25. Nxg7 Kxg7 26. Bb3 Qc7 27. Rc1 Qe7
28. Rfd1 Re8 29. Qe3 Qf6 30. Rc7+ Re7 31. Qc5 1-0

[Event "32 Staufer-Open B-Turnier"]
[Site "Schwäbisch Gmünd"]
[Date "2020.01.04"]
[Round "5.4"]
[White "Meyer, Marcel"]
[Black "Frühsorger, Dieter"]
[Result "0-1"]
[WhiteElo "1729"]
[BlackElo "1983"]
[PlyCount "56"]
[EventDate "2020.??.??"]
[WhiteTeam "SC Herborn"]
[BlackTeam "SK Sontheim/Brenz"]

1. d4 d5 2. c4 e6 3. Nc3 Nf6 4. cxd5 exd5 5. Bg5 Nbd7 6. e3 Be7 7. Qc2 O-O 8.
Bd3 h6 9. Bh4 c5 10. Nf3 b6 11. O-O Bb7 12. a4 Rc8 13. Qe2 Re8 14. Ba6 Bxa6 15.
Qxa6 Nb8 16. Qd3 Ne4 17. Bxe7 Rxe7 18. Ne5 cxd4 19. exd4 Nc6 20. Rac1 Nxe5 21.
dxe5 Nxc3 22. Rxc3 Rxe5 23. f4 Rxc3 24. bxc3 Re4 25. a5 bxa5 26. Rd1 Qb6+ 27.
Kh1 Qf2 28. Rf1 Re1 0-1

[Event "32 Staufer-Open B-Turnier"]
[Site "Schwäbisch Gmünd"]
[Date "2020.01.04"]
[Round "5.5"]
[White "Eißmann, Olaf"]
[Black "Zehring, Mathias"]
[Result "1/2-1/2"]
[WhiteElo "1709"]
[BlackElo "1861"]
[PlyCount "79"]
[EventDate "2020.??.??"]
[WhiteTeam "Stuttgarter SF"]
[BlackTeam "SC Waiblingen"]

1. d4 Nf6 2. c4 g6 3. Nc3 d5 4. Nf3 Bg7 5. e3 O-O 6. Qb3 dxc4 7. Bxc4 Nc6 8.
Be2 b6 9. O-O Bb7 10. a4 Na5 11. Qc2 e6 12. b4 Nc6 13. Ba3 Re8 14. Rfd1 Nd5 15.
Nxd5 exd5 16. Rac1 Rc8 17. Bb5 Re6 18. Be2 Nb8 19. b5 c6 20. Qb1 Nd7 21. bxc6
Rexc6 22. Bb5 Rxc1 23. Rxc1 Bf8 24. Bxf8 Kxf8 25. Qb4+ Qe7 26. Rxc8+ Bxc8 27.
Qxe7+ Kxe7 28. Kf1 f6 29. Ke2 Kd6 30. h4 a6 31. Bd3 f5 32. Ng5 Nf6 33. Nf7+ Ke7
34. Ne5 Ne4 35. a5 b5 36. Bxe4 dxe4 37. Nc6+ Kd6 38. Nb4 Bb7 39. g3 Ke6 40. Kd2
1/2-1/2

[Event "32 Staufer-Open B-Turnier"]
[Site "Schwäbisch Gmünd"]
[Date "2020.01.04"]
[Round "5.9"]
[White "Heimers, Remy"]
[Black "Siegismund, Florian"]
[Result "1-0"]
[WhiteElo "1977"]
[BlackElo "1781"]
[PlyCount "51"]
[EventDate "2020.??.??"]
[WhiteTeam "SC Villingen-Schwenningen"]
[BlackTeam "SK Bad Schwalbach"]

1. e4 c5 2. Nf3 e6 3. d4 cxd4 4. Nxd4 a6 5. c4 Nf6 6. Nc3 Qc7 7. a3 Be7 8. Be3
O-O 9. Be2 d6 10. O-O b6 11. Rc1 Bb7 12. f3 Nbd7 13. Qd2 Rac8 14. Rfd1 Qb8 15.
b4 Rfd8 16. Bf1 Ba8 17. Kh1 Ne5 18. Na4 d5 19. exd5 exd5 20. Nf5 Nxc4 21. Nxe7+
Kf8 22. Bxc4 dxc4 23. Qe1 Rxd1 24. Rxd1 Re8 25. Nxb6 Rxe7 26. Bc5 1-0

[Event "32 Staufer-Open B-Turnier"]
[Site "Schwäbisch Gmünd"]
[Date "2020.01.04"]
[Round "5.10"]
[White "Wurmbauer, Nils"]
[Black "Speck, Stefan"]
[Result "0-1"]
[WhiteElo "1743"]
[BlackElo "1959"]
[PlyCount "52"]
[EventDate "2020.??.??"]
[WhiteTeam "SV Ebersbach"]
[BlackTeam "SC Solingen 28"]

1. e4 e6 2. d4 d5 3. Nc3 Bb4 4. e5 c5 5. a3 Bxc3+ 6. bxc3 Qa5 7. Bd2 Qa4 8. Nf3
Ne7 9. Bd3 c4 10. Be2 O-O 11. O-O Nd7 12. Bg5 Nc6 13. Bh4 f6 14. Bg3 f5 15. Qd2
Qa5 16. h4 Nb6 17. Ng5 Na4 18. Nxh7 Kxh7 19. Qg5 Qd8 20. Qe3 f4 21. Bxf4 Nxc3
22. Bh5 Qxh4 23. g4 Rxf4 24. Kg2 Rxg4+ 25. Bxg4 Qxg4+ 26. Kh2 Qh4+ 0-1

[Event "32 Staufer-Open B-Turnier"]
[Site "Schwäbisch Gmünd"]
[Date "2020.01.04"]
[Round "6.1"]
[White "Scheuing, Jochen"]
[Black "Schlötterer, Hermann"]
[Result "1/2-1/2"]
[WhiteElo "1826"]
[BlackElo "1801"]
[PlyCount "43"]
[EventDate "2020.??.??"]
[WhiteTeam "SC Gröbenzell"]
[BlackTeam "Zabo-Eintracht Nürnberg"]

1. d4 Nf6 2. Bf4 c5 3. c3 b6 4. e3 Bb7 5. Nf3 g6 6. Bc4 e6 7. Nbd2 Bg7 8. Qe2
O-O 9. O-O d5 10. Bd3 Nbd7 11. Ne5 Nh5 12. Nxd7 Qxd7 13. Bg5 e5 14. dxe5 Bxe5
15. Nf3 Bg7 16. Rad1 h6 17. Bh4 Qg4 18. h3 Qe6 19. Rfe1 Nf6 20. Bc2 Ne4 21. Nd2
Nf6 22. a3 1/2-1/2

[Event "32 Staufer-Open B-Turnier"]
[Site "Schwäbisch Gmünd"]
[Date "2020.01.04"]
[Round "6.2"]
[White "Frühsorger, Dieter"]
[Black "Esser, Milan"]
[Result "1/2-1/2"]
[WhiteElo "1983"]
[BlackElo "1565"]
[PlyCount "45"]
[EventDate "2020.??.??"]
[WhiteTeam "SK Sontheim/Brenz"]
[BlackTeam "SV Dettingen Erms"]

1. e4 c6 2. Nf3 d5 3. Nc3 Bg4 4. d4 e6 5. Be2 Nf6 6. e5 Nfd7 7. O-O a6 8. Ng5
Bxe2 9. Qxe2 Be7 10. f4 g6 11. Rf3 h6 12. Rh3 c5 13. Nxd5 Bxg5 14. fxg5 h5 15.
Nf6+ Nxf6 16. exf6 Qxd4+ 17. Kh1 Nc6 18. c3 Qd5 19. Rd3 Qe5 20. Re3 Qd5 21. Rd3
Qe5 22. Qf1 c4 23. Bf4 1/2-1/2